000 00286nam a22001217a 4500
008 170522b xxu||||| |||| 00| 0 eng d
041 _aeng
080 _294(7/8)
_a94
100 _a16
101 _aSHH
245 _aGIVE ME LIBERTY AN ANERICAN HISTORY
_cFONER.E
942 _2udc
_cBK
999 _c13771
_d13771